| 000 | 00496nam a2200193Ia 4500 | ||
|---|---|---|---|
| 003 | GCL | ||
| 008 | 140319s9999 xx 000 0 eng d | ||
| 040 |
_aGCL / _cGCL |
||
| 082 | 0 | 4 |
_a025.3177 _bR L |
| 100 | 1 | _aRATHER, JOHN C | |
| 245 | 1 | 0 |
_aLIBRARY OF CONGRESS FILING RULES / _cRATHER, JOHN C |
| 700 | 1 | _aBIEBEL, SUSAN C | |
| 260 |
_a[S.N] : _bLIBRARY OF CONGRESS ، _c1980 |
||
| 300 | _a111 P | ||
| 650 | 0 | 4 | _aALPHABET |
| 650 | 0 | 4 | _aCATALOGING |
| 650 | 0 | 4 | _aFILING RULES |
| 942 |
_2ddc _cBK |
||
| 999 |
_c14717 _d14717 |
||